000 00503nam a22001817a 4500
003 SISC
005 20160314142757.0
008 130830t xxu||||| |||| 00| 0 eng d
022 _20878924655
050 _aPE 1121
_b.H313 1974
082 _aHS 808.84
_bW72 1975
100 _aHarris, Theodore L.
_915687
245 _aWindchange /
_cTheodore L. Harris.
260 _aOklahoma City :
_bThe Economy Company,
_cc1975.
650 _aEssay
_xCollections.
_915688
942 _2lcc
_cBK
999 _c9990
_d9990